000 00509nam a2200181Ia 4500
008 090124s9999 xx 000 0 und d
082 _b9537
100 _aसाधले आनंद
245 _a रसमुग्धा
250 _a1
260 _bअमेय़ प्रकाशन
_c1974
300 _a158
600 _aसाधले आनंद
630 _a रसमुग्धा
700 _aसाधले आनंद
730 _a रसमुग्धा
942 _cBOOK
999 _c85940
_d85940